| 000 | 00747nam a22001577a 4500 | ||
|---|---|---|---|
| 003 | OSt | ||
| 005 | 20150918161606.0 | ||
| 008 | 150918b xxu||||| |||| 00| 0 eng d | ||
| 040 | _cRUA | ||
| 082 | _aAGR HAS 2005 B032 Or.1 | ||
| 100 |
_9789 _aHAS DA |
||
| 245 | _aEffectivenss of organic fertilizer on radish chinese yield in the crop station at the royal university of agriculture,(ប្រសិទ្ធភាពជីធម្មជាតិទៅលើទិន្នផលដំណាំឆៃថាវនៅស្ថានីយ៍ពិសោធន៍ដំណាំសាកលវិទ្យាល័យភូមិន្ទកសិកម្ម) | ||
| 260 |
_aphnom penh _bRUA _c2005 |
||
| 300 |
_axi,50p. _cill. _g29cm. |
||
| 942 |
_2ddc _cAGR |
||
| 999 |
_c757 _d757 |
||